Olimpiada (Record no. 62341)
[ view plain ]
| 000 -LEADER | |
|---|---|
| campo de control de longitud fija | 00543nam a2200157 i 4500 |
| 001 - NÚMERO DE CONTROL | |
| campo de control | 62341 |
| 003 - IDENTIFICADOR DE NÚMERO DE CONTROL | |
| campo de control | ES-MaACL |
| 005 - FECHA Y HORA DE LA ÚLTIMA TRANSACCIÓN | |
| campo de control | 20230906164641.0 |
| 007 - CAMPO FIJO DE DESCRIPCIÓN FÍSICA--INFORMACIÓN GENERAL | |
| campo de control de longitud fija | t| |
| 008 - DATOS DE LONGITUD FIJA--INFORMACIÓN GENERAL | |
| campo de control de longitud fija | 031120s1959 dr ||||1| spa d |
| 100 1# - ENTRADA PRINCIPAL--NOMBRE DE PERSONA | |
| Nombre de persona | Felino Vicioso Vizón, Angel. |
| 9 (RLIN) | 49165 |
| 245 10 - MENCIÓN DEL TÍTULO | |
| Título | Olimpiada |
| Resto del título | : cantos a los deportes y otras diversiones : in memoriam de mis antecesores de Esta y de Azua, mi suelo natal / |
| Mención de responsabilidad, etc. | Angel Felino Vicioso V. |
| 260 ## - PUBLICACIÓN, DISTRIBUCIÓN, ETC. | |
| Lugar de publicación, distribución, etc. | Ciudad Trujillo : |
| Nombre del editor, distribuidor, etc. | Montalvo, |
| Fecha de publicación, distribución, etc. | 1959. |
| 300 ## - DESCRIPCIÓN FÍSICA | |
| Extensión | 110 p. ; |
| Dimensiones | 24 cm. |
| 852 ## - LOCALIZACIÓN | |
| Ubicación | ES-MaACL |
| Número de control de estantería | C-25365 |
| Sublocalización o colección | R.50595 |
| Estatus retirado | Estado de pérdida | Estado de daño | No para préstamo | Biblioteca de origen | Biblioteca actual | Ubicación en estantería | Fecha de adquisición | Fuente de adquisición | Total de préstamos | Signatura topográfica completa | Código de barras | Visto por última vez | Precio de reemplazo | Tipo de ítem Koha |
|---|---|---|---|---|---|---|---|---|---|---|---|---|---|---|
| Biblioteca del Ateneo de Madrid | Biblioteca del Ateneo de Madrid | Depósito 2 | 17/01/2008 | C-25365 | 1065358 | 23/02/2023 | 23/02/2023 | Libro impreso |
